Shortest paths : variational problems /

Guardado en:
Autor Principal: Liusternik, L. A. 1899-
Formato: Libro
Idioma:English
Russian
Publicado: New York : Macmillan, 1964.
Series:Popular lectures in mathematics ; v. 13
Materias:
Etiquetas: Agregar Etiqueta
Sin Etiquetas, Sea el primero en etiquetar este registro!
LEADER 00978cam a22002535a 4500
001 MAT.inmabb005260
008 741021s1964####nyu###########000#0#eng##
005 20130308134259.0
245 1 0 |a Shortest paths :  |b variational problems /  |c by L. A. Lyusternik ; translated and adapted from the Russian by P. Collins and Robert B. Brown. 
260 |a New York :  |b Macmillan,  |c 1964. 
300 |a x, 102 p. :  |b il. ;  |c 23 cm. 
440 0 |a Popular lectures in mathematics ;  |v v. 13 
500 |a "A Pergamon Press book". 
500 |a "Survey of recent East European mathematical literature". 
500 |a "An edited translation of Kratchaischie linii, Moscow, 1955". 
510 4 |a MR,  |c 31 #2644 
100 1 |a Liusternik, L. A.  |q (Lazar´ Aronovich),  |d 1899- 
650 0 |a Calculus of variations. 
650 0 |a Curves on surfaces. 
084 |a 49-01  |2 msc2000 
010 |a  64014145  
040 |a DLC  |c OYU  |d MiMarqN  |d Uk  |d DLC 
041 1 |a eng  |h rus 
859 |h 49  |i L783  |p A-2367  |b BIB. MATEMATICA